Fundamentals of radar, sonar and navigation engineering : (Record no. 189268)
[ view plain ]
| 000 -LEADER | |
|---|---|
| fixed length control field | 00998 a2200193 4500 |
| 003 - CONTROL NUMBER IDENTIFIER | |
| control field | Nust |
| 005 - DATE AND TIME OF LATEST TRANSACTION | |
| control field | 20221223110507.0 |
| 020 ## - INTERNATIONAL STANDARD BOOK NUMBER | |
| International Standard Book Number | 8188458716 |
| 040 ## - CATALOGING SOURCE | |
| Transcribing agency | Nust |
| 082 ## - DEWEY DECIMAL CLASSIFICATION NUMBER | |
| Classification number | 621.3848,SHA |
| 100 ## - MAIN ENTRY--PERSONAL NAME | |
| Personal name | Sharma, K. K. |
| 9 (RLIN) | 64419 |
| 245 ## - TITLE STATEMENT | |
| Title | Fundamentals of radar, sonar and navigation engineering : |
| Remainder of title | wih Guidance / |
| Statement of responsibility, etc. | K. K.Sharma, |
| 250 ## - EDITION STATEMENT | |
| Edition statement | 4th ed. |
| 260 ## - PUBLICATION, DISTRIBUTION, ETC. | |
| Place of publication, distribution, etc. | New Delhi |
| Name of publisher, distributor, etc. | S.K.Kataria & Sons |
| Date of publication, distribution, etc. | 2011 |
| 300 ## - PHYSICAL DESCRIPTION | |
| Extent | 635. p; |
| 505 ## - FORMATTED CONTENTS NOTE | |
| Formatted contents note | An Introduction to Radar (Page-3), The Radar Equation (Page-27), CW and Frequency Modulated Radar (Page-50), MTI and Pulse Doppler Radar (Page-63), Tracking Radar (Page-88), Radar Transmitter (Page-108), Radar Antennas (Page-209), Detection of Radar Signals in Noise (Page-253), Radiation Hazard (Page-279), Radar Signal Models (Page-314), Radar Waveforms (Page-343), Radio Direction Finders (Page-411), Radio Ranges (Page-442), DME And TACAN (Page-490), Navigation Satellites (Page-545). |
| 650 ## - SUBJECT ADDED ENTRY--TOPICAL TERM | |
| Topical term or geographic name entry element | Telecommunication Engineering |
| 942 ## - ADDED ENTRY ELEMENTS (KOHA) | |
| Source of classification or shelving scheme | |
| Koha item type | Book |
| Withdrawn status | Lost status | Source of classification or shelving scheme | Damaged status | Not for loan | Permanent Location | Current Location | Shelving location | Date acquired | Full call number | Barcode | Date last seen | Price effective from | Koha item type | Public note |
|---|---|---|---|---|---|---|---|---|---|---|---|---|---|---|
| Military College of Signals (MCS) | Military College of Signals (MCS) | General Stacks | 12/12/2016 | 621.3848,SHA | MCS35044 | 12/08/2016 | 12/12/2016 | Book | Almirah No.39, Shelf No.3 |
